00482cam a22001692 4500001001100000005001700011008004100028020001600069040001500085100003800100245005200138250001900190260004300209300001600252650004100268852000300309000001986520151217152203.0110301s xx 000 0 eng d a205719143 : aKABUcKABU1 aGoldstein, S. Joshua.@000015930810aInternational relations /cJoshua, S. Golstein. aBrief 5th ed. aNew Delhi :bPearson Education,c2011. axxi, 391 p. 0aInternational relations.@00001582571